Get the Picture: Wizards Quiz Stats

 Plays Quiz Updated Mar 29, 2019

Score 0/15 Timer 03:00
6 Plays Today
Question Answer Wrong Answers
Friends with Ron Weasley and Hermione Granger Harry Potter
96%
Doctor Strange
0.6%
Gandalf
0.7%
Parents were killed Harry Potter
95.5%
Doctor Strange
1.3%
Gandalf
0.5%
Created by Stan Lee Doctor Strange
95.3%
Gandalf
1.8%
Harry Potter
0.5%
Created by J.K. Rowling Harry Potter
94.9%
Doctor Strange
0.4%
Gandalf
2%
Typically uses a wand to perform magic Harry Potter
93.5%
Doctor Strange
0.7%
Gandalf
3%
Epithets include 'The Grey' and 'The White' Gandalf
92.2%
Doctor Strange
4.1%
Harry Potter
0.8%
Is an ally to both Bilbo and Frodo Baggins Gandalf
92%
Doctor Strange
2.3%
Harry Potter
3.1%
Nemesis is the evil Lord Voldemort Harry Potter
91.9%
Doctor Strange
0.9%
Gandalf
4.7%
Created by J.R.R. Tolkien Gandalf
91.8%
Doctor Strange
2.9%
Harry Potter
2.4%
Often appears alongside Wong Doctor Strange
90.4%
Gandalf
5%
Harry Potter
1.9%
Died after fighting the Balrog, and was later reborn Gandalf
85.5%
Doctor Strange
10.5%
Harry Potter
1.2%
Resides at the Sanctum Sanctorum Doctor Strange
81.3%
Gandalf
11%
Harry Potter
5%
Known as Master of the Mystic Arts and Sorcerer Supreme Doctor Strange
73.1%
Gandalf
20.1%
Harry Potter
4.3%
Is not a human Gandalf
70.3%
Doctor Strange
24%
Harry Potter
3.1%
Part of the world’s highest grossing film franchise Doctor Strange
47.3%
Gandalf
14.3%
Harry Potter
35.9%

Today's Daily Dose

Missing Word
Sherlocks

Word Ladder
King of the Hill

Quick Pick
Songs in Pink

Get the Picture
NBA Teammates

You're not logged in!

Compare scores with friends on all Sporcle quizzes.
OR
Log In

Sporcle TV

Today on Sporcle TV


Watch our educational content, quiz creation guides, and fun videos on Sporcle TV.

Show Comments

Extras

Top Quizzes Today


Score Distribution

Your Account Isn't Verified!

In order to create a playlist on Sporcle, you need to verify the email address you used during registration. Go to your Sporcle Settings to finish the process.

Report this User

Report this user for behavior that violates our Community Guidelines.

Details: